Т. 24: РСФСР, Иркутская область. Период 1956-1960. Вып. I: Опубликованные работы; Геологическая изученность СССР

Bibliographische Detailangaben
Parent link:Геологическая изученность СССР: [обзорные главы, рефераты, аннотации и библиографические справки]/ Академия Наук СССР, Комиссия по геологической изученности СССР. Т. 24: РСФСР, Иркутская область. Период 1956-1960. Вып. I: Опубликованные работы.— , 1961-1988
Körperschaft: Академия наук СССР (АН СССР) Сибирское отделение (СО) Институт земной коры (ИЗК)
Weitere Verfasser: Наливкин Д. В. Дмитрий Васильевич
Sprache:Russisch
Veröffentlicht: 1971
Schlagworte:
Format: Buch
KOHA link:https://koha.lib.tpu.ru/cgi-bin/koha/opac-detail.pl?biblionumber=210075

MARC

LEADER 00000nam2a2200000 4500
001 210075
005 20231031192006.0
035 |a (RuTPU)RU\TPU\book\229435 
035 |a RU\TPU\book\228289 
090 |a 210075 
100 |a 20120217d1971 k y0rusy50 ca 
101 0 |a rus 
102 |a RU 
105 |a y ad 001zy 
200 0 |a Т. 24: РСФСР, Иркутская область. Период 1956-1960. Вып. I: Опубликованные работы  |f Академия наук СССР (АН СССР), Сибирское отделение (СО), Институт земной коры (ИЗК) ; Иркутское геологическое управление ; отв. ред. М. М. Одинцов 
210 |d 1971 
215 |a 352 с. 
320 |a Авторский указатель: с. 330-333. 
320 |a Предметно-систематический указатель: с. 334-336. 
320 |a Географический указатель: с. 337-345. 
320 |a Указатель полезных ископаемых и месторождений: с. 346-349. 
461 1 |0 (RuTPU)RU\TPU\book\58444  |t Геологическая изученность СССР  |o [обзорные главы, рефераты, аннотации и библиографические справки]  |f Академия Наук СССР, Комиссия по геологической изученности СССР  |v Т. 24: РСФСР, Иркутская область. Период 1956-1960. Вып. I: Опубликованные работы  |d 1961-1988 
610 1 |a геологическая изученность 
610 1 |a СССР 
610 1 |a геологическое районирование 
610 1 |a Иркутская область 
610 1 |a полезные ископаемые 
610 1 |a геологические исследования 
610 1 |a рукописные работы 
610 1 |a обзоры 
610 1 |a рефераты 
610 1 |a библиографические пособия 
675 |a 55(47+57)  |v 3 
675 |a 55(571.53)  |v 3 
702 1 |a Наливкин  |b Д. В.  |g Дмитрий Васильевич  |4 651 
712 0 2 |a Академия наук СССР (АН СССР)  |b Сибирское отделение (СО)  |b Институт земной коры (ИЗК)  |c (Иркутск)  |2 stltpush  |3 (RuTPU)RU\TPU\col\11543 
801 1 |a RU  |b 63413507  |c 20091219 
801 2 |a RU  |b 63413507  |c 20190729  |g RCR 
942 |c BK